Statistiche per Top 15 dei paesi con decessi Covid-19 - 19 gennaio 2022

Clicka qui per fare il quiz!

Statistiche generali

  • Questo quiz è stato fatto 10 volte
  • Il punteggio medio è 11 su 27

Statistiche sulle risposte

paese% Corretto
Francia
100%
Italia
100%
Stati Uniti
100%
Brasile
80%
Germania
80%
Regno Unito
80%
Russia
80%
Argentina
60%
India
60%
Slovenia
60%
Indonesia
40%
Iran
40%
Messico
40%
Bosnia ed
Erzegovina
20%
Cechia
20%
Croazia
20%
Macedonia
del Nord
20%
Perù
20%
Polonia
20%
Romania
20%
Slovacchia
20%
Ungheria
20%
Armenia
0%
Bulgaria
0%
Colombia
0%
Georgia
0%
Lituania
0%

Distribuzione punteggi

Percentile per numero di risposta

Percentuale di utenti per punteggio

I tuoi punteggi nel tempo

Non hai fatto questo quiz